000 00487nam a2200193Ia 4500
005 20140402132122.0
008 140130s9999 xx 000 0 und d
020 _a0516269992
050 _aND 653.V5
_b.V38 2002
100 _aVenezia, Mike
_924604
245 _cVenezia, Mike
_aJohannes verneer /
260 _bScholastic,
_c2002.
_aUSA :
300 _a32 p. :
_bcol. ill. ;
_c22 cm.
440 _v1
_931174
521 _aG8
526 _c900
942 _cBK
_2lcc
999 _c41295
_d41295